000 00671cab a2200193 4500
001 ABS36882
008 090401t1986 xxu||||| |||| 00| 0 eng d
035 _a(Sirsi) u843
041 _aeng
100 _aHawthorne, J.
245 _aPerking up property
260 _c1986
350 _a0
490 _aMoney Management
_vOctober 1986, p79-82 (4)
520 _aCOPY ARTICLE MISSING - NO LONGER AVAILABLE. Examines the background to unitisation and puts forward reasons why the establishment of a unitised property market is needed. Looks in detail at PINCS and Single Property Unit Trusts .
690 _aPROPERTY LAW AND PRACTICE
942 _n0
948 _c04/03/1997
999 _c469
_d469